| 000 | 01196nam1a22002651i 4500 | ||
|---|---|---|---|
| 001 | rc\2828752 | ||
| 005 | 20240726064957.0 | ||
| 035 | _a(NLR Aleph) 006986790 | ||
| 090 |
_a5586993 _c5586993 |
||
| 100 | _a20110624d1931 |||y0rusy50 ca | ||
| 101 | 0 | _arus | |
| 102 | _aRU | ||
| 105 | _ay z ||||| | ||
| 200 | 1 |
_aПеревозки по речным путям сообщения ... _fН.Н. Мемешкин _gПод ред. А.В. Голованова _gЗаоч. курсы трансп.-плановиков при НКСнабе, ВСНХ и Центросоюзе РСФСР |
|
| 210 |
_aМосква _cБ. и. _d1931 _gстеклография ЦБ Шеф. о-ва н/д. сотр. НКПС |
||
| 215 | _d30×21 см | ||
| 300 | _aБез тит. л. Описано по обложке | ||
| 300 | _aНапечатано на пишущей машине и стеклографировано | ||
| 702 | 1 |
_aМемешкин _bН.Н. _4570 |
|
| 702 | 1 |
_aГолованов _bА.В. _4340 |
|
| 710 | 0 | 2 |
_aЗаочные курсы транспортников-плановиков _cМосква |
| 801 | 0 |
_aRU _bNLR _gpsbo |
|
| 801 | 1 |
_aRU _bELAR _2rusmarc |
|
| 852 |
_aNLR _j31-20/28-1 |
||
| 942 | _cBOOK | ||